000 00731nam a22002177a 4500
003 OSt
005 20251121091605.0
008 251121b |||||||| |||| 00| 0 eng d
040 _aDWC-Main lib
_cOC
082 _aCirc. 610.73678 F559 1960
100 _aFitzpatrick, E.
245 _aZabriskie's obstetrics for nurses
_cFitzpatrick, Elise
260 _aMontreal :
_bLippincott Company,
_c c1960
300 _axx, 571 p. :
_billustration :
_c23 cm.
504 _aIncludes bibliographical references and index
650 _2Infants care
650 _2Maternity nursing
650 _2Pregnancy
700 _aEastman, Nickolson J.
942 _2ddc
_cBK-CIRC
_hCirc. 610.73678 F559 1960
_kCirc.
_n0
999 _c5947
_d5947